[Event "World Blitz 2023"]
[Site "Samarkand UZB"]
[Date "2023.12.29"]
[EventDate "2023.12.29"]
[Round "3.24"]
[Result "1/2-1/2"]
[White "Santosh Gujrathi Vidit"]
[Black "Arseniy Nesterov"]
[WhiteElo "2642"]
[BlackElo "2488"]
[PlyCount "106"]

1. d4 d5 2. c4 e6 3. Nf3 Nf6 4. g3 Be7 5. Bg2 O-O 6. O-O dxc4 7. Qc2 a6 8.
a4 Bd7 9. Qxc4 Bc6 10. Bg5 Nbd7 11. Nc3 a5 12. Rfe1 Bxf3 13. Bxf3 c6 14.
Rad1 h6 15. Bc1 Qb6 16. Qd3 Rfd8 17. Qc2 Rac8 18. Bg2 e5 19. dxe5 Nxe5 20.
Bh3 Rxd1 21. Rxd1 Rd8 22. Rxd8+ Qxd8 23. Qb3 Bb4 24. Na2 Bf8 25. Be3 Qd5
26. Qxd5 Nxd5 27. Bd4 Nc4 28. Bc8 c5 29. Bc3 Ndb6 30. Bxb7 Nxa4 31. b3 Nxc3
32. Nxc3 Nb6 33. Ba6 Be7 34. Bb5 Bf6 35. Ne4 c4 36. bxc4 a4 37. c5 a3 38.
Nd2 a2 39. Nb3 Nd5 40. c6 a1=Q+ 41. Nxa1 Bxa1 42. Bc4 Nc7 43. Kg2 Kf8 44.
Kf3 Ke7 45. Ke4 g6 46. Bb3 f6 47. h4 Kd6 48. Bf7 f5+ 49. Kf3 g5 50. hxg5
hxg5 51. e4 fxe4+ 52. Kxe4 Kxc6 53. Kf5 Bd4 1/2-1/2

[Event "World Blitz 2023"]
[Site "Samarkand UZB"]
[Date "2023.12.29"]
[EventDate "2023.12.29"]
[Round "3.1"]
[Result "1/2-1/2"]
[White "David Paravyan"]
[Black "Laurent Fressinet"]
[WhiteElo "2566"]
[BlackElo "2636"]
[PlyCount "86"]

1. e4 e5 2. Nf3 Nc6 3. Bc4 Nf6 4. d3 Bc5 5. Be3 Bb6 6. O-O d6 7. a4 Be6 8.
Bxe6 fxe6 9. Qe1 O-O 10. a5 Bxe3 11. fxe3 a6 12. Nbd2 Qe7 13. c3 d5 14.
exd5 exd5 15. e4 Rad8 16. exd5 Rxd5 17. Nc4 Rxd3 18. Ncxe5 Nxe5 19. Qxe5
Qxe5 20. Nxe5 Rd5 21. Nf3 Re8 22. h3 Re2 23. Rf2 Re3 24. Nd4 Ree5 25. b4
Ne4 26. Rf3 Nxc3 27. Raf1 h6 28. Rxc3 Rxd4 29. Rxc7 Rxb4 30. Rff7 Rg5 31.
Rxb7 Rxb7 32. Rxb7 Rxa5 33. Rb6 Ra2 34. Kh2 a5 35. Ra6 a4 36. Kg3 a3 37.
Kf3 Ra1 38. h4 Kf7 39. Kg4 g6 40. Ra7+ Kf6 41. Ra6+ Kf7 42. Ra7+ Ke6 43.
Ra6+ Ke5 1/2-1/2

[Event "World Blitz 2023"]
[Site "Samarkand UZB"]
[Date "2023.12.29"]
[EventDate "2023.12.29"]
[Round "3.4"]
[Result "1-0"]
[White "Vladislav Kovalev"]
[Black "Tigran L Petrosian"]
[WhiteElo "2539"]
[BlackElo "2610"]
[PlyCount "90"]

1. e4 g6 2. d4 Bg7 3. Nf3 d6 4. Be2 Nf6 5. Nc3 O-O 6. O-O c6 7. a4 Qc7 8.
h3 e5 9. Re1 Nbd7 10. Be3 exd4 11. Bxd4 Re8 12. Bc4 Ne5 13. Nxe5 dxe5 14.
Be3 Nh5 15. Qf3 Nf4 16. Rad1 Be6 17. Bxe6 Nxe6 18. Ne2 Rad8 19. c3 Qa5 20.
b4 Qa6 21. a5 h5 22. Nc1 b6 23. axb6 axb6 24. Rxd8 Rxd8 25. Rd1 Rxd1+ 26.
Qxd1 b5 27. Qd7 Bf6 28. Kh2 Kg7 29. Nd3 Nf8 30. Qd6 Ne6 31. Nxe5 Qa3 32.
Nxc6 Qxc3 33. e5 Bg5 34. Bxg5 Nxg5 35. Qf6+ Kh7 36. h4 Ne6 37. Qxf7+ Ng7
38. Qf6 Qc4 39. Ne7 Qc2 40. Qf7 Kh6 41. Ng8+ Kh7 42. Nf6+ Kh6 43. Qg8 g5
44. hxg5+ Kg6 45. Qh7+ 1-0

[Event "World Blitz 2023"]
[Site "Samarkand UZB"]
[Date "2023.12.29"]
[EventDate "2023.12.29"]
[Round "3.5"]
[Result "1/2-1/2"]
[White "Javokhir Sindarov"]
[Black "Gabriel Gaehwiler"]
[WhiteElo "2607"]
[BlackElo "2448"]
[PlyCount "104"]

1. e4 c5 2. Nf3 d6 3. d4 Nf6 4. Bd3 cxd4 5. Nxd4 Nc6 6. Be3 g6 7. h3 Bg7 8.
c4 O-O 9. Nc3 e6 10. O-O d5 11. exd5 exd5 12. c5 Nd7 13. Bb5 Nde5 14. Re1
a6 15. Bf1 Nc4 16. Bxc4 dxc4 17. Nxc6 bxc6 18. Qa4 Be6 19. Qxc6 Rb8 20.
Rab1 Qa5 21. Red1 Bf5 22. Rbc1 Rxb2 23. Nd5 c3 24. Ne7+ Kh8 25. Bd4 Be6 26.
Qf3 Bxd4 27. Rxd4 Kg7 28. Rxc3 Re8 29. Nd5 Bxd5 30. Rxd5 Qxa2 31. Rc1 Rxf2
32. Qxf2 Qxd5 33. c6 Rc8 34. c7 a5 35. Qb2+ Kg8 36. Qf6 Qd7 37. Qb6 a4 38.
Qb7 a3 39. Qa7 a2 40. Qxa2 Rxc7 41. Re1 Qd4+ 42. Kh1 Rd7 43. Qb1 Kg7 44.
Qc1 h5 45. Rf1 Qe5 46. Re1 Qf6 47. Rf1 Qd6 48. Qa1+ Qd4 49. Qc1 Qe5 50. Re1
Qd4 51. Rf1 Qe5 52. Re1 1/2-1/2

[Event "World Blitz 2023"]
[Site "Samarkand UZB"]
[Date "2023.12.29"]
[EventDate "2023.12.29"]
[Round "3.6"]
[Result "0-1"]
[White "Artem Uskov"]
[Black "Levon Aronian"]
[WhiteElo "2328"]
[BlackElo "2772"]
[PlyCount "72"]

1. Nf3 c5 2. c4 g6 3. Nc3 Bg7 4. g3 Nc6 5. Bg2 b6 6. O-O Bb7 7. Rb1 Nh6 8.
b3 O-O 9. Bb2 Nf5 10. d3 e6 11. e4 Nfd4 12. Nxd4 Bxd4 13. Kh1 d6 14. Qd2 a6
15. a3 Rb8 16. Ne2 Bxb2 17. Qxb2 b5 18. Rfd1 bxc4 19. dxc4 Qe7 20. b4 Rfc8
21. b5 Ne5 22. Qc3 axb5 23. cxb5 c4 24. Nf4 Ra8 25. Qb4 g5 26. Nh5 Nd3 27.
Qc3 e5 28. Kg1 f5 29. Rxd3 cxd3 30. Qxd3 f4 31. h4 Kh8 32. hxg5 Qxg5 33.
Qxd6 Rf8 34. Qc7 f3 35. Qxb7 fxg2 36. g4 0-1

[Event "World Blitz 2023"]
[Site "Samarkand UZB"]
[Date "2023.12.29"]
[EventDate "2023.12.29"]
[Round "3.7"]
[Result "0-1"]
[White "Van Foreest, Lucas"]
[Black "Fabiano Caruana"]
[WhiteElo "2519"]
[BlackElo "2815"]
[PlyCount "92"]

1. c4 e5 2. g3 Be7 3. Bg2 f5 4. Nc3 d6 5. e3 Nf6 6. Nge2 O-O 7. O-O c6 8.
d4 e4 9. d5 Nbd7 10. b3 Ne5 11. Nf4 g5 12. Ne6 Bxe6 13. dxe6 Qc8 14. Ne2
Qxe6 15. Nd4 Qd7 16. Bb2 Rad8 17. f4 exf3 18. Nxf3 Nfg4 19. Qe2 Nxf3+ 20.
Bxf3 Ne5 21. Bg2 Bf6 22. Rad1 Bg7 23. Qh5 Qe7 24. Bd4 Ng4 25. Rfe1 h6 26.
Bh3 Ne5 27. Rf1 g4 28. Bg2 Qg5 29. Qxg5 hxg5 30. Rd2 a6 31. Rfd1 Rde8 32.
Rf2 Rf7 33. Bc3 Nf3+ 34. Bxf3 Bxc3 35. Bg2 Rxe3 36. Rxd6 Kg7 37. Bf1 Bb4
38. Rd1 Bc5 39. Kg2 f4 40. gxf4 gxf4 41. Rfd2 Ree7 42. h3 g3 43. Rd3 Kg6
44. Kf3 Kg5 45. Bg2 Kh4 46. R1d2 Re3+ 0-1

[Event "World Blitz 2023"]
[Site "Samarkand UZB"]
[Date "2023.12.29"]
[EventDate "2023.12.29"]
[Round "3.8"]
[Result "1-0"]
[White "Haik M Martirosyan"]
[Black "Mikhail Bryakin"]
[WhiteElo "2770"]
[BlackElo "2495"]
[PlyCount "80"]

1. d4 d5 2. c4 c6 3. Nf3 Nf6 4. Qb3 dxc4 5. Qxc4 Bf5 6. g3 e6 7. Bg2 Nbd7
8. O-O Be7 9. Nbd2 O-O 10. Qb3 Qb6 11. Nc4 Qa6 12. Bf4 Be4 13. Rfc1 h6 14.
Qd1 Nb6 15. Ncd2 Bh7 16. Nb3 Rfd8 17. Ne5 Nfd7 18. Nxd7 Rxd7 19. e4 Rad8
20. Qe1 Qb5 21. Bd2 Qh5 22. a4 Nc8 23. Ba5 Re8 24. Bc3 Red8 25. h4 Qg4 26.
Qe3 Bf8 27. Bf3 Qg6 28. Re1 Nb6 29. Qe2 Nc8 30. Rad1 Qf6 31. Ba5 Re8 32.
Qe3 Qe7 33. Bc3 Qd8 34. Nc5 Bxc5 35. dxc5 Ree7 36. Qf4 Rxd1 37. Rxd1 Rd7
38. Rxd7 Qxd7 39. Qg4 g6 40. Qf4 Ne7 1-0

[Event "World Blitz 2023"]
[Site "Samarkand UZB"]
[Date "2023.12.29"]
[EventDate "2023.12.29"]
[Round "3.9"]
[Result "1-0"]
[White "Yangyi Yu"]
[Black "Deshun Xiu"]
[WhiteElo "2762"]
[BlackElo "2493"]
[PlyCount "106"]

1. e4 e5 2. Nf3 Nc6 3. Bc4 Bc5 4. d3 Nf6 5. O-O h6 6. c3 d6 7. Re1 a5 8.
Nbd2 O-O 9. Nf1 Ba7 10. Ng3 Ne7 11. d4 Ng6 12. h3 c6 13. Bb3 Re8 14. Bc2
Qc7 15. Be3 Be6 16. Qd2 Kh7 17. Rad1 b5 18. a4 Rab8 19. axb5 cxb5 20. Nf5
Bxf5 21. exf5 Nf8 22. dxe5 dxe5 23. Bxa7 Qxa7 24. Nxe5 b4 25. Nc6 bxc3 26.
Qxc3 Qb6 27. Nxb8 Rxb8 28. b3 Kg8 29. Re7 Nh5 30. Qc7 Qb4 31. Rxf7 Re8 32.
f6 gxf6 33. Rxf8+ Kxf8 34. Bg6 Re7 35. Qd8+ Kg7 36. Bxh5 Re1+ 37. Rxe1
Qxe1+ 38. Kh2 Qe5+ 39. g3 Qxh5 40. Qe7+ Kg8 41. Qxf6 Qd5 42. Qb6 h5 43. h4
Qf3 44. Qe3 Qf7 45. Kg1 Kh7 46. Qe4+ Kh8 47. Qe5+ Kh7 48. Qxa5 Qf3 49. Qc7+
Kg6 50. Qd6+ Kg7 51. Qe5+ Kg6 52. Qe3 Qb7 53. Qg5+ 1-0

[Event "World Blitz 2023"]
[Site "Samarkand UZB"]
[Date "2023.12.29"]
[EventDate "2023.12.29"]
[Round "3.10"]
[Result "1-0"]
[White "Jinshi Bai"]
[Black "Dmitry Andreikin"]
[WhiteElo "2516"]
[BlackElo "2741"]
[PlyCount "44"]

1. d4 d5 2. Nf3 Nf6 3. c4 e6 4. Nc3 a6 5. c5 b6 6. cxb6 c5 7. Bf4 Bd6 8.
Bxd6 Qxd6 9. dxc5 Qxc5 10. Qd4 Qd6 11. e3 O-O 12. Be2 Nc6 13. Qd2 Rb8 14.
O-O Rxb6 15. Rfd1 Ne5 16. Rac1 Nxf3+ 17. Bxf3 Qb4 18. b3 Rb8 19. Na4 a5 20.
Nc5 Rd8 21. h3 h6 22. Qd4 Qxd4 1-0

[Event "World Blitz 2023"]
[Site "Samarkand UZB"]
[Date "2023.12.29"]
[EventDate "2023.12.29"]
[Round "3.12"]
[Result "1/2-1/2"]
[White "Guha Mitrabha"]
[Black "Alexander Grischuk"]
[WhiteElo "2512"]
[BlackElo "2699"]
[PlyCount "134"]

1. Nf3 d5 2. c4 c6 3. cxd5 cxd5 4. d4 Nf6 5. Nc3 Nc6 6. Bf4 Bf5 7. Qb3 Na5
8. Qa4+ Bd7 9. Qc2 e6 10. e3 Rc8 11. Bd3 Bb4 12. O-O a6 13. Ne5 Nh5 14. Bg3
g6 15. Rac1 O-O 16. Qe2 Be8 17. Rc2 Nc6 18. f4 Nxg3 19. hxg3 Bd6 20. Nf3
Nb4 21. Rcc1 Nxd3 22. Qxd3 h5 23. Ne5 Kg7 24. Rc2 f6 25. Nf3 Rf7 26. Rfc1
Rfc7 27. Nh2 b5 28. Nf3 b4 29. Nb1 Bb5 30. Qd1 Rxc2 31. Rxc2 Rxc2 32. Qxc2
Qc7 33. Qxc7+ Bxc7 34. Nbd2 Kf7 35. Kf2 Ke7 36. Nb3 Kd6 37. Nh4 Be8 38. Nc5
a5 39. b3 Bb6 40. Na4 Bc7 41. Nc5 e5 42. Nf3 exd4 43. exd4 Bb6 44. Na4 Ba7
45. Ke3 Bb5 46. Nh4 Be8 47. Nb2 Ke6 48. Nd3 g5 49. Nf3 g4 50. Nh4 f5 51.
Ne5 Kf6 52. Nd3 Bb8 53. Nc5 Bd6 54. Nb7 Bc7 55. Nc5 Bb6 56. Nd3 Bc7 57. Ne5
Bb5 58. Nhg6 Bd6 59. Nh4 a4 60. Nd3 a3 61. Ne5 Be8 62. Kd2 Bb5 63. Nd3 Bxd3
64. Kxd3 Be7 65. Ke3 Bd8 66. Kd3 Be7 67. Ke3 1/2-1/2

[Event "World Blitz 2023"]
[Site "Samarkand UZB"]
[Date "2023.12.29"]
[EventDate "2023.12.29"]
[Round "3.14"]
[Result "1/2-1/2"]
[White "Stepan Zilka"]
[Black "Sarin Nihal"]
[WhiteElo "2494"]
[BlackElo "2689"]
[PlyCount "162"]

1. e4 c5 2. Nf3 d6 3. d4 cxd4 4. Nxd4 Nf6 5. Nc3 a6 6. Be3 e5 7. Nb3 Be7 8.
f3 Be6 9. Qd2 O-O 10. O-O-O Nbd7 11. g4 b5 12. Nd5 Bxd5 13. exd5 Nb6 14.
Na5 Nfxd5 15. Nc6 Qc7 16. Nxe7+ Qxe7 17. Bxb6 Nxb6 18. Qxd6 Qg5+ 19. Qd2
Qf6 20. g5 Qe6 21. Kb1 Nc4 22. Bxc4 Qxc4 23. Rhe1 Rfe8 24. Re4 Qc7 25. Re3
Rad8 26. Rd3 Rxd3 27. Qxd3 e4 28. Qe3 g6 29. fxe4 Qxh2 30. a3 Qe5 31. Rh1
Qxe4 32. Qh3 h5 33. gxh6 Kh7 34. Rf1 f5 35. Rd1 Re7 36. Rd6 a5 37. Qb3 Qc4
38. Qg3 Qg4 39. Qd3 Re1+ 40. Ka2 Qc4+ 41. Qxc4 bxc4 42. Rd4 g5 43. Rxc4 f4
44. b4 axb4 45. axb4 f3 46. Rc7+ Kxh6 47. Rf7 g4 48. b5 Kg6 49. Rf8 Re6 50.
c4 Rf6 51. Rxf6+ Kxf6 52. b6 f2 53. b7 f1=Q 54. b8=Q Qxc4+ 55. Ka3 Qc3+ 56.
Ka2 Qc2+ 57. Ka3 Qd3+ 58. Ka2 Qe2+ 59. Kb3 Qe3+ 60. Kc2 Qe4+ 61. Kd2 Qg2+
62. Ke1 Qh1+ 63. Kf2 Qf3+ 64. Kg1 Qe3+ 65. Kg2 Qf3+ 66. Kg1 Qd1+ 67. Kg2
Qe2+ 68. Kg1 Kg5 69. Qd8+ Kf4 70. Qd6+ Kf3 71. Qc6+ Kg3 72. Qd6+ Kf3 73.
Qc6+ Kf4 74. Qd6+ Kf5 75. Qf8+ Kg6 76. Qg8+ Kf5 77. Qf7+ Ke4 78. Qe6+ Kd3
79. Qxe2+ Kxe2 80. Kg2 g3 81. Kxg3 1/2-1/2

[Event "World Blitz 2023"]
[Site "Samarkand UZB"]
[Date "2023.12.29"]
[EventDate "2023.12.29"]
[Round "3.15"]
[Result "1/2-1/2"]
[White "AR Saleh Salem"]
[Black "Savva Vetokhin"]
[WhiteElo "2668"]
[BlackElo "2483"]
[PlyCount "136"]

1. d4 Nf6 2. c4 e6 3. Nc3 d5 4. cxd5 exd5 5. Bg5 Be7 6. e3 h6 7. Bh4 Bg4 8.
Nf3 O-O 9. Bd3 Nbd7 10. O-O c6 11. Qc2 Ne8 12. Bxe7 Qxe7 13. Nd2 Nd6 14. h3
Be6 15. f4 Nf6 16. Rae1 Bd7 17. Nf3 Nfe4 18. Ne5 Rfe8 19. Nxe4 dxe4 20. Be2
Be6 21. g4 f6 22. Ng6 Qf7 23. f5 Bxa2 24. Qc5 Qd5 25. Ra1 Bc4 26. Bxc4 Nxc4
27. Qxd5+ cxd5 28. Rfc1 Nxe3 29. b3 b5 30. Kf2 Nc4 31. bxc4 dxc4 32. Ke3 a5
33. Rab1 Rab8 34. d5 Kf7 35. Nf4 a4 36. Ne6 a3 37. Rb4 Rec8 38. d6 Rb7 39.
Kxe4 Ra8 40. Kd5 a2 41. Kc6 Rbb8 42. Ra1 c3 43. d7 c2 44. Rb2 c1=Q+ 45.
Rxc1 a1=Q 46. Rxa1 Rxa1 47. d8=Q Rxd8 48. Nxd8+ Ke7 49. Ne6 Rc1+ 50. Kxb5
g6 51. Re2 gxf5 52. Nd4+ Kf7 53. Nxf5 Kg6 54. Re7 Kg5 55. Rg7+ Kf4 56. Nxh6
Rh1 57. Rg6 Rxh3 58. Kc5 Rd3 59. Kc4 Rd8 60. Kc3 Rd7 61. Kc4 Rd8 62. Kc5
Rd7 63. Kc6 Rd8 64. Kc7 Rd1 65. Rxf6+ Kg5 66. Rc6 Rh1 67. Nf7+ Kxg4 68. Rf6
1/2-1/2

[Event "World Blitz 2023"]
[Site "Samarkand UZB"]
[Date "2023.12.29"]
[EventDate "2023.12.29"]
[Round "3.16"]
[Result "0-1"]
[White "Roman Kezin"]
[Black "Maxim Matlakov"]
[WhiteElo "2492"]
[BlackElo "2638"]
[PlyCount "128"]

1. d4 Nf6 2. c4 e6 3. Nf3 d5 4. g3 Be7 5. Bg2 O-O 6. O-O dxc4 7. Qc2 a6 8.
a4 h6 9. Rd1 Nc6 10. Qxc4 e5 11. Nc3 e4 12. Ne5 Na5 13. Qa2 Bf5 14. b3 Bb4
15. Qc2 Qe7 16. Nxe4 Nxe4 17. Bxe4 Bxe4 18. Qxe4 Nxb3 19. Rb1 Nxc1 20.
Rdxc1 c6 21. Qf3 a5 22. Nd3 Bd6 23. e3 Rfc8 24. Rc2 Rd8 25. Rcb2 Rd7 26.
Rc2 g6 27. Nc5 Rc7 28. Ne4 Bb4 29. h4 Kg7 30. Nc5 Re8 31. h5 g5 32. Qf5 Rd8
33. Kg2 Rd5 34. Qf3 Bxc5 35. dxc5 Rxc5 36. Rcb2 Rd5 37. Kh2 Re5 38. Qe2 Re4
39. Kg2 Rxa4 40. Rb3 Qe4+ 41. Kh2 Rb4 42. Qb2+ Kh7 43. Ra1 b6 44. Rxb4 Qxb4
45. Qe5 Qe7 46. Qb2 Rb7 47. Qc2+ Kg7 48. Qxc6 Rb8 49. Rd1 Qf6 50. Qc2 a4
51. Kg1 a3 52. Qb3 Ra8 53. Qd5 Ra5 54. Qa2 b5 55. Rb1 Qe5 56. Rb3 Qc5 57.
Qa1+ Kg8 58. Rd3 Ra8 59. Qa2 Qc1+ 60. Kh2 Qc4 61. Qd2 a2 62. Rd8+ Rxd8 63.
Qxd8+ Kg7 64. Qd1 Qc3 0-1

[Event "World Blitz 2023"]
[Site "Samarkand UZB"]
[Date "2023.12.29"]
[EventDate "2023.12.29"]
[Round "3.17"]
[Result "1-0"]
[White "Vahap Sanal"]
[Black "Jakub Kosakowski"]
[WhiteElo "2637"]
[BlackElo "2485"]
[PlyCount "90"]

1. e4 c6 2. Nf3 d5 3. d3 Bg4 4. h3 Bxf3 5. Qxf3 e6 6. g3 Nd7 7. Bg2 Bc5 8.
Qe2 Ne7 9. O-O O-O 10. c3 a5 11. d4 Ba7 12. Bf4 c5 13. dxc5 Nxc5 14. Nd2 d4
15. Nb3 dxc3 16. Rad1 Qc8 17. Nxc5 Bxc5 18. bxc3 Ng6 19. Bc1 Qc7 20. Kh2 e5
21. h4 Rfd8 22. h5 Nf8 23. Bh3 Rxd1 24. Rxd1 Rd8 25. Rd5 Rxd5 26. exd5 Bd6
27. c4 Nd7 28. h6 g6 29. Qf3 Nc5 30. Qf6 Bf8 31. Be3 Qd6 32. Qh4 Nd3 33.
Qe4 Nc5 34. Qb1 Qc7 35. Qb5 Qd6 36. Qe8 Qe7 37. Qc8 Qd6 38. f4 exf4 39.
Bxf4 Qf6 40. d6 Nd3 41. d7 Nxf4 42. d8=Q Qb2+ 43. Kg1 Nxh3+ 44. Qxh3 Qc1+
45. Qf1 Qxh6 1-0

[Event "World Blitz 2023"]
[Site "Samarkand UZB"]
[Date "2023.12.29"]
[EventDate "2023.12.29"]
[Round "3.19"]
[Result "0-1"]
[White "Murtas Kazhgaleyev"]
[Black "Alexander Riazantsev"]
[WhiteElo "2488"]
[BlackElo "2621"]
[PlyCount "42"]

1. g3 d5 2. Nf3 Nf6 3. Bg2 e6 4. O-O Be7 5. b3 O-O 6. c4 b6 7. Bb2 Bb7 8.
cxd5 Nxd5 9. d4 Nd7 10. Nbd2 c5 11. Nc4 N5f6 12. Rc1 b5 13. Ne3 Rc8 14. Ne5
Bxg2 15. Kxg2 Nxe5 16. dxe5 Nd7 17. Qd3 Qc7 18. Qxb5 Nxe5 19. Rfd1 Rb8 20.
Qa6 Rb6 21. Bxe5 Qc6+ 0-1

[Event "World Blitz 2023"]
[Site "Samarkand UZB"]
[Date "2023.12.29"]
[EventDate "2023.12.29"]
[Round "3.20"]
[Result "0-1"]
[White "Andrey Esipenko"]
[Black "M Pranesh"]
[WhiteElo "2615"]
[BlackElo "2481"]
[PlyCount "72"]

1. e4 e5 2. Nf3 Nc6 3. Bc4 Nf6 4. d3 Bc5 5. O-O O-O 6. Re1 a6 7. h3 h6 8.
c3 d6 9. Nbd2 Na5 10. Bb3 Nxb3 11. axb3 Be6 12. Nf1 Nh5 13. d4 Bb6 14. Be3
Qf6 15. b4 Rad8 16. Kh2 Nf4 17. Ng3 g5 18. d5 Bd7 19. Bxb6 cxb6 20. Nd2 g4
21. hxg4 Qh4+ 22. Kg1 Bxg4 23. Nf3 Qf6 24. Re3 Kh8 25. Qd2 Rg8 26. Nh2 Bd7
27. Rf3 Qh4 28. Nhf1 Rg5 29. Ne3 Rdg8 30. Rd1 R8g6 31. Qc2 h5 32. Qc1 Bg4
33. Nxg4 Qxg4 34. Kh2 h4 35. Rh1 hxg3+ 36. Kg1+ Kg7 0-1

[Event "World Blitz 2023"]
[Site "Samarkand UZB"]
[Date "2023.12.29"]
[EventDate "2023.12.29"]
[Round "3.21"]
[Result "1-0"]
[White "Liam Vrolijk"]
[Black "Kirill Shevchenko"]
[WhiteElo "2487"]
[BlackElo "2603"]
[PlyCount "40"]

1. d4 d5 2. c4 e5 3. dxe5 d4 4. Nf3 Nc6 5. a3 g6 6. g3 Bg7 7. Bg2 f6 8.
exf6 Nxf6 9. O-O O-O 10. Nbd2 Bf5 11. b4 d3 12. Bb2 Kh8 13. Re1 Qd7 14. Nb3
Rad8 15. exd3 Bxd3 16. Nc5 Qf5 17. Nh4 Qg5 18. Nxd3 Nd4 19. Bxd4 Rxd4 20.
Nf3 1-0

[Event "World Blitz 2023"]
[Site "Samarkand UZB"]
[Date "2023.12.29"]
[EventDate "2023.12.29"]
[Round "3.22"]
[Result "1/2-1/2"]
[White "Dmitry Bocharov"]
[Black "Baadur Jobava"]
[WhiteElo "2482"]
[BlackElo "2599"]
[PlyCount "92"]

1. d4 d5 2. c4 dxc4 3. Nf3 Nf6 4. e3 Bg4 5. Bxc4 e6 6. O-O Bd6 7. h3 Bh5 8.
Be2 O-O 9. b3 Nbd7 10. Bb2 Ne4 11. Nbd2 Nxd2 12. Qxd2 Nf6 13. Rfd1 Qe7 14.
Rac1 c6 15. Qc2 Rfd8 16. e4 Bf4 17. Rb1 Bg6 18. Bd3 Bc7 19. Ne5 Bb6 20.
Nxg6 hxg6 21. Bc4 Rd7 22. Rd2 Rad8 23. Rbd1 e5 24. d5 Ba5 25. Rd3 cxd5 26.
Bxd5 Bb6 27. R3d2 Nh5 28. Qc4 Kh7 29. Kh2 Nf4 30. g3 Nxd5 31. exd5 e4 32.
d6 Rxd6 33. Rxd6 Rxd6 34. Rxd6 Qxd6 35. Qxf7 Bd4 36. Bxd4 Qxd4 37. Kg2 b5
38. h4 Qc5 39. Qe6 Qd4 40. Qe8 Qd5 41. Kg1 a5 42. Qe7 a4 43. bxa4 bxa4 44.
a3 Qd1+ 45. Kg2 Qf3+ 46. Kg1 1/2-1/2

[Event "World Blitz 2023"]
[Site "Samarkand UZB"]
[Date "2023.12.29"]
[EventDate "2023.12.29"]
[Round "3.23"]
[Result "1/2-1/2"]
[White "Elham Amar"]
[Black "Alan Pichot"]
[WhiteElo "2470"]
[BlackElo "2592"]
[PlyCount "150"]

1. e4 e5 2. Nc3 Nf6 3. d4 exd4 4. Qxd4 Nc6 5. Qd3 Bc5 6. Qg3 O-O 7. Be3
Bxe3 8. Qxe3 d5 9. O-O-O d4 10. Qf4 Qd6 11. e5 Qxe5 12. Qxe5 Nxe5 13. Rxd4
Be6 14. Be2 Rfd8 15. Nf3 Nxf3 16. Rxd8+ Rxd8 17. Bxf3 c6 18. Rd1 Rxd1+ 19.
Kxd1 Kf8 20. Kd2 Ke7 21. b4 Kd6 22. a4 Nd7 23. Be2 f5 24. f4 a6 25. Ke3 c5
26. b5 a5 27. Bf3 b6 28. Nd1 Nf6 29. Nb2 Bd5 30. g3 Bxf3 31. Nc4+ Kc7 32.
Kxf3 Ne4 33. Ne3 Nc3 34. Nxf5 g6 35. Ne3 Nxa4 36. Nd5+ Kb7 37. Ke3 Nb2 38.
Kd2 Nc4+ 39. Kc1 Nd6 40. Nc3 Kc7 41. Nd5+ Kb7 42. Nc3 Nf5 43. Nd5 Nd4 44.
Nf6 h5 45. Ng8 Nf5 46. Nf6 Ne7 47. h3 Kc7 48. g4 hxg4 49. hxg4 Kd6 50. Kb2
Ke6 51. Ne4 Nd5 52. f5+ gxf5 53. gxf5+ Kxf5 54. Nd2 Ne3 55. c4 Ke5 56. Kc3
Nf5 57. Kd3 Nd4 58. Nb1 Ne6 59. Nc3 Nf4+ 60. Ke3 Kf5 61. Na4 Ng6 62. Nxb6
Ne5 63. Kd2 Ke4 64. Kc3 Kf5 65. Na4 Nd7 66. b6 Ke6 67. b7 Kd6 68. Nb6 Nb8
69. Kb3 Kc6 70. Nd5 Kxb7 71. Ka4 Ka6 72. Nc7+ Kb6 73. Nd5+ Ka6 74. Nc7+ Kb6
75. Nd5+ 1/2-1/2

[Event "World Blitz 2023"]
[Site "Samarkand UZB"]
[Date "2023.12.29"]
[EventDate "2023.12.29"]
[Round "3.24"]
[Result "0-1"]
[White "Vugar Asadli"]
[Black "Andrew Hong"]
[WhiteElo "2584"]
[BlackElo "2460"]
[PlyCount "90"]

1. e4 e5 2. Nf3 Nc6 3. Bb5 a6 4. Ba4 d6 5. O-O Bd7 6. c3 Nf6 7. Re1 g6 8.
d4 Bg7 9. h3 O-O 10. Bb3 a5 11. a4 Re8 12. Ng5 Re7 13. dxe5 dxe5 14. Na3 h6
15. Nf3 Be6 16. Bxe6 Rxe6 17. Qb3 Rb8 18. Qb5 b6 19. Qc4 Na7 20. b4 Nc8 21.
Qe2 Nd6 22. Nd2 Bf8 23. Rb1 Ra8 24. b5 Qd7 25. Nac4 Rd8 26. Nxd6 Rxd6 27.
Nc4 Rd1 28. Be3 Rxb1 29. Rxb1 Nxe4 30. Nxe5 Qf5 31. Bd4 Rxd4 32. cxd4 Nc3
33. Qc4 Nxb1 34. Qxc7 Nd2 35. h4 Ne4 36. f3 Ng3 37. Qxb6 Qf4 38. Qc7 Ne2+
39. Kf2 Nxd4 40. b6 Ne6 41. Qc3 Bc5+ 42. Kf1 Bxb6 43. Ng4 Qd4 44. Qc8+ Kg7
45. Ke2 h5 0-1

[Event "World Blitz 2023"]
[Site "Samarkand UZB"]
[Date "2023.12.29"]
[EventDate "2023.12.29"]
[Round "3.25"]
[Result "0-1"]
[White "Mukhiddin Madaminov"]
[Black "Klementy Sychev"]
[WhiteElo "2460"]
[BlackElo "2583"]
[PlyCount "98"]

1. e4 e5 2. Nf3 Nc6 3. Bb5 a6 4. Ba4 Nge7 5. c3 f6 6. d4 d5 7. exd5 Qxd5 8.
dxe5 Bg4 9. O-O O-O-O 10. Qxd5 Nxd5 11. exf6 gxf6 12. Nbd2 Nf4 13. Ne4 Ne2+
14. Kh1 Nxc1 15. Raxc1 Bxf3 16. Bxc6 Be2 17. Rfe1 Bh6 18. Ra1 Bd3 19. Ba4
Bxe4 20. Rxe4 Rd2 21. Kg1 b5 22. Bb3 Rxb2 23. Rd1 Rd8 24. Rxd8+ Kxd8 25. g3
Bf8 26. Re6 a5 27. Rxf6 Be7 28. Rf5 c5 29. Bg8 h6 30. h4 c4 31. a4 b4 32.
Bxc4 bxc3 33. Rd5+ Kc7 34. Rd3 c2 35. Rc3 Bb4 36. Rxc2 Rxc2 37. Bd3 Rd2 38.
Bb5 Bc5 39. Kg2 Rxf2+ 40. Kh3 Bd6 41. Kg4 Rg2 42. Kh5 Bxg3 43. Be8 Rh2 44.
Kxh6 Rxh4+ 45. Kg5 Rd4 46. Kf5 Kd6 47. Bb5 Kc5 48. Be8 Rf4+ 49. Kg5 Kb4 0-1

[Event "World Blitz 2023"]
[Site "Samarkand UZB"]
[Date "2023.12.29"]
[EventDate "2023.12.29"]
[Round "3.26"]
[Result "1-0"]
[White "Vasquez Schroeder, Rodrigo"]
[Black "Arystan Isanzhulov"]
[WhiteElo "2582"]
[BlackElo "2431"]
[PlyCount "110"]

1. e4 c5 2. Nf3 Nc6 3. d4 cxd4 4. Nxd4 g6 5. c4 Nf6 6. Nc3 Nxd4 7. Qxd4 d6
8. f3 Bg7 9. Be3 O-O 10. Qd2 a5 11. Na4 Bd7 12. Nb6 a4 13. Nxa8 Qxa8 14.
Rc1 Be6 15. Be2 Nd7 16. O-O Rc8 17. Bd4 Nf6 18. b4 h5 19. a3 Kh7 20. Rc2
Rc7 21. Rfc1 Qc8 22. c5 Bb3 23. Rc3 dxc5 24. Rxc5 Rxc5 25. Bxc5 Qb8 26. Be3
h4 27. Bf4 Qa7+ 28. Qe3 Qa8 29. Bg5 h3 30. g4 Qb8 31. Bf4 Qd8 32. Qd2 Qa8
33. Bf1 Be6 34. Bxh3 Nd7 35. Bf1 Ne5 36. Be2 b5 37. Kg2 Nc4 38. Bxc4 Bxc4
39. Be3 Qc8 40. h4 Qe6 41. h5 gxh5 42. Rh1 Qc8 43. Rxh5+ Kg8 44. Bh6 f6 45.
Bxg7 Kxg7 46. Qh6+ Kf7 47. Qh7+ Kf8 48. Qh6+ Kf7 49. Qd2 Kg7 50. g5 f5 51.
Qd4+ Kg6 52. Rh6+ Kxg5 53. Rh8 Qc7 54. Qg7+ Kf4 55. Qg3+ 1-0

[Event "World Blitz 2023"]
[Site "Samarkand UZB"]
[Date "2023.12.29"]
[EventDate "2023.12.29"]
[Round "3.27"]
[Result "1-0"]
[White "Levan Pantsulaia"]
[Black "Mittal Aditya"]
[WhiteElo "2579"]
[BlackElo "2425"]
[PlyCount "152"]

1. Nf3 d5 2. c4 d4 3. b4 c5 4. b5 g6 5. d3 Bg7 6. g3 e5 7. Nbd2 Ne7 8. Bg2
O-O 9. O-O Nd7 10. a4 a5 11. Ne4 Qc7 12. e3 f5 13. Neg5 Qd6 14. exd4 h6 15.
Nh3 cxd4 16. Ba3 Nc5 17. Nd2 Rb8 18. Nb3 b6 19. Bxc5 bxc5 20. Nxa5 e4 21.
Nb3 g5 22. Re1 e3 23. fxe3 dxe3 24. Rxe3 f4 25. gxf4 gxf4 26. Rf3 Bxa1 27.
Qxa1 Bg4 28. Nf2 Bxf3 29. Bxf3 Kh7 30. Be4+ Nf5 31. a5 f3 32. Kh1 Qg6 33.
Qg1 Qh5 34. Qg4 Qxg4 35. Nxg4 Kg7 36. Nxc5 Rbe8 37. Kg1 Nd6 38. Kf2 Rf4 39.
Ne3 Rh4 40. Kg3 Rh5 41. Nb3 Nxe4+ 42. dxe4 Rxe4 43. Kxf3 Re8 44. Nd4 Rh3+
45. Kf2 Rxh2+ 46. Kg3 Ra2 47. Nef5+ Kf6 48. a6 Re1 49. Nd6 Rb1 50. Kf4 Ke7
51. N6f5+ Kd7 52. Nxh6 Rc1 53. Ng4 Kd6 54. Ne3 Kc7 55. Nd5+ Kd6 56. Ne3 Kc7
57. Ke4 Re1 58. Ne6+ Kb6 59. Nf4 Ra3 60. Nd3 Rh1 61. Nd5+ Ka7 62. Kd4 Rd1
63. Nb4 Kb6 64. Ke4 Rd2 65. Nd5+ Ka7 66. N3b4 Kb8 67. Nc6+ Kc8 68. Ke5 Kd7
69. Nb6+ Kc7 70. Nd5+ Kd7 71. Ncb4 Re2+ 72. Kd4 Ra1 73. b6 Rb2 74. b7 Rxa6
75. Nxa6 Rxb7 76. Nc5+ 1-0